| 000 | 01234cam a2200373 a 4500 | ||
|---|---|---|---|
| 999 |
_c39129 _d39129 |
||
| 003 | BJBSDDR | ||
| 005 | 20230410105544.0 | ||
| 007 | ta | ||
| 008 | 860312s1984 mx a b 000 0 spa | ||
| 029 | 1 |
_aAU@ _b000004336189 |
|
| 035 | _a(OCoLC)ocm13668627 | ||
| 035 |
_a(OCoLC)13668627 _z(OCoLC)13414517 |
||
| 040 |
_aDLC _cBJBSDDR _bspa |
||
| 041 | _aspa | ||
| 043 | _as-bl--- | ||
| 050 | 1 | 4 |
_aHC 187 _bM921p 1984 |
| 082 | 0 |
_a338.981 _219 |
|
| 100 | 1 | _aMotta, Reynaldo de Souza. | |
| 245 | 1 | 0 |
_aPosibilidades de optimización del crecimiento económico y de la deuda externa en Brasil / _cReynaldo de Souza Motta. |
| 250 | _a1a ed. | ||
| 260 |
_a[Mexico City] : _bCentro de Estudios Monetarios Latinoamericanos, _c1984. |
||
| 300 |
_ai, 126 p. : _bill. ; _c21 cm. |
||
| 490 | 1 | _aEstudios | |
| 504 | _aBibliography: p. 123-126. | ||
| 650 | 0 |
_aDebts, External _zBrazil. |
|
| 650 | 4 |
_aDeuda externa _zBrasil. |
|
| 650 | 0 |
_aColección René Villarreal (CRV) _9760 |
|
| 651 | 0 |
_aBrazil _xEconomic policy. |
|
| 651 | 4 |
_aBrasil _xPolâitica econâomica |
|
| 710 | 2 | _aCentro de Estudios Monetarios Latinoamericanos. | |
| 830 | 0 | _aEstudios (Centro de Estudios Monetarios Latinoamericanos) | |
| 942 |
_2lcc _cBK |
||
| 946 | _aRCH | ||